000 00481nam a2200181Ia 4500
001 22888
005 20260414150900.0
008 260414t2001||||xx |||||||||||||| ||spa||
041 _aESP
082 _a624.17
_bCH543
100 _aCheng, Franklin Y.
_eAUT
245 0 _aMatrix analysis of structural dynamic :
_bapplications and earthquake engineering
260 _c2001
300 _axv, 997 páginas :
_c26 cm.
650 _a0
654 _aCIC
942 _cLIB
_dJUS
_fJUS
_2ddc
_n
999 _c22888
_d22888